The World Book Learning Library : Test Skills
| Format: | Book |
|---|---|
| Published: |
Chicago :
World Book Inc ,
1986
|
| Subjects: |
MARC
| LEADER | 00000cam a2200000 7i4500 | ||
|---|---|---|---|
| 001 | 0000042631 | ||
| 005 | 20040114.0 | ||
| 008 | 040114s1986 | ||
| 020 | |a 0716632225 | ||
| 090 | 0 | 0 | |a R 025 WOR |
| 245 | 1 | 4 | |a The World Book Learning Library : |b Test Skills |
| 260 | |a Chicago : |b World Book Inc , |c 1986 | ||
| 300 | |a 128p. ; |c 23cm. | ||
| 650 | 0 | 0 | |a Operation Of Library |
| 999 | |a 63956 |b Buku |c Rujukan |e Perbadanan Perpustakaan Awam Melaka | ||